Statistics for People in History - Based on Their Initials and Job #5

Click here to take the quiz!

General Stats

  • This quiz has been taken 59 times
  • The average score is 6 of 10

Answer Stats

InitialsJobAnswer% Correct
WCPrime MinisterWinston Churchill
100%
LVBComposerLudwig van Beethoven
96%
JJOutlawJesse James
77%
HCConquistadorHernán Cortés
75%
KKKhagan-emperorKublai Khan
68%
HTAbolitionistHarriet Tubman
66%
FDPrivateerFrancis Drake
36%
JSPremierJoseph Stalin
30%
EPPoliticial ActivistEmmeline Pankhurst
14%
NIKEspionage agentNoor Inayat Khan
0%

Score Distribution

Percentile by Number Answered

Percent of People with Each Score

Your Score History

You have not taken this quiz